B-003 港区の町名 - Statistics

General Stats
  • This quiz has been taken 61 times
  • The average score is 21 of 30
Answers on the Map
Answers color-coded by a green-red scale on the quiz's map according to % correct below.
 
Answer Stats
Answer % Correct
高輪
98%
白金
96%
94%
六本木
94%
浜松町
92%
赤坂
92%
三田
87%
新橋
85%
芝浦
79%
白金台
77%
麻布十番
71%
台場
71%
芝公園
69%
虎ノ門
67%
西麻布
67%
南青山
67%
北青山
65%
西新橋
63%
港南
62%
東新橋
60%
南麻布
58%
麻布狸穴町
56%
麻布台
56%
元麻布
54%
東麻布
54%
愛宕
52%
海岸
46%
芝大門
42%
元赤坂
42%
麻布永坂町
35%
No matching quizzes found
Score Distribution
Percent of People with Each Score
Percentile by Number Answered
Your Score History
You have not taken this quiz